000 01462nam a22002897a 4500
005 20111116112721.0
008 111116t xxu||||| |||| 00| 0 eng d
010 _aENG-104115
020 _a9781259002557
_c550.00
020 _a1259002551
_c550.00
035 _aEN-87648
037 _bDBAD/PUB
040 _aDPL
_bEng
082 _a301
100 _935823
_aSchaefer, Richard T.
245 _aSociology :
_cby Richard T. Schaefer
_ba brief introduction /
250 _a9th ed
260 _aNew Delhi
_bTata McGraw Hill
_c2011
270 _a7 West Patel Nagar
_bNew Delhi
_e110008
300 _axxxii,495p. :
_c26cm (pbk)
_bill.
500 _aIncludes bibliographical references and indexes
505 _aUnderstanding sociology -- Sociological research -- Culture -- Socialization -- Social interaction, groups, and social structure -- The mass media -- Deviance and social control -- Stratification and social mobility in the United States -- Global inequality -- Racial and ethnic inequality -- Stratification by gender and age -- The family and intimate relationships -- Religion and education -- Government and the economy -- Population, communities, and health -- Globalization, the environment, and social change.
650 _aSociology.
_935824
700 _935825
942 _2ddc
_cEN
_h301
_mSCH
999 _c58412
_d58412